000 00628nam a2200229Ia 4500
003 OSt
005 20220924122104.0
006 a|||||r|||| 00| 0
007 ta
008 220923b |||||||| |||| 00| 0 urd d
024 _a321459
037 _cTextual
040 _aARTS
_cARTS
_burd
041 _2urd
_aurd
082 _aQ7:21, 168B3;G2.3
100 _aJalauddin Au.
_9188232
245 0 _aMashkoohatul mutarjim
260 _aLahore
_bDar matba aalamgeer Pakistan
_c1932
650 _aQURAN
_933479
942 _hQ7:21, 168B3;G2.3
_cTEXL
_2CC
999 _c410170
_d410170